Statistics for Official candidates in the 2022 presidential election in France

Click here to take the quiz!

General Stats

  • This quiz has been taken 214 times
  • The average score is 8 of 12

Answer Stats

Party (with english translation)Candidate% Correct
La République en Marche (The Republic on the Move)Emmanuel Macron
99%
Rassemblement National (National Gathering)Marine Le Pen
94%
Reconquête (Reclaiming)Eric Zemmour
76%
La France Insoumise (The Insurbodinated France)Jean-Luc Mélenchon
76%
Les Républicains (Republicans)Valérie Pécresse
67%
Parti Socialiste (Socialist Party)Anne Hidalgo
66%
Nouveau Parti Anticapitaliste (New Anti-capitalist Party)Philippe Poutou
64%
Europe Ecologie Les Verts (European Ecological Party)Yannick Jadot
59%
Parti Communiste Français (French Communist Party)Fabien Roussel
57%
Lutte Ouvrière (Working-Class Struggle)Nathalie Arthaud
55%
Debout la France (Stand Up for France)Nicolas Dupont-Aignan
55%
Résistons (Let's Resist)Jean Lassalle
49%

Score Distribution

Percentile by Number Answered

Percent of People with Each Score

Your Score History

You have not taken this quiz